| 000 | 00444nam a2200169Ia 4500 | ||
|---|---|---|---|
| 005 | 20250326140856.0 | ||
| 008 | 250326s9999 xx 000 0 und d | ||
| 037 | _aTextbook | ||
| 040 |
_aFMSL _beng _cFMSL |
||
| 041 |
_aeng _2eng |
||
| 084 | _qFMSL | ||
| 100 | _aMorgan D L | ||
| 245 | 0 |
_aPlanning focus groups kit 2 _cMorgan D L |
|
| 260 |
_aNew Delhi _bNew Delhi, Sage publications _c1995 |
||
| 942 | _cTB | ||
| 999 |
_c1287686 _d1287686 |
||